000 01120nam a2200289 i 4500
003 DO-SdBNP
005 20250317132740.0
007 ta
008 250317s201u dr 001 0 spa d
040 _aDO-SdBNP
_bspa
_cBNPHU
_erda
082 4 _a346.07
_bR426L
_222
110 1 _aRepública Dominicana.
_9447
240 1 2 _a[Leyes, etc.]
245 1 0 _aLey No. 479-08 ley general de las sociedades comerciales y empresas individuales de responsabilidad limitada :
_b(promulgada el 11 de diciembre de 2008) (modificada por la ley No. 31-11 del 10 de febrero de 2011, G. O. No. 8287) /
264 _aSanto Domingo :
_b[editor no identificado],
_c[200-].
300 _a192 páginas ;
_c21 cm.
336 _atexto
_btxt
_2rdacontent
337 _asin mediación
_bn
_2rdamedia
338 _avolumen
_bnc
_2rdacarrier
590 _aInventariado, 2025/ YL
650 4 _aDerecho comercial
_zRepública Dominicana
_914449
650 4 _aSociedades comerciales
_xLegislación
_95941
650 4 _aCompañías
_xLegislación
_930887
651 4 _aRepública Dominicana
_xLey 479-08
_910079
910 _aYLockward
942 _2ddc
_cLBS1
999 _c58443
_d58443